| 000 | 00610nam a2200181 a 4500 | ||
|---|---|---|---|
| 001 | 000021944 | ||
| 005 | 20240226130804.0 | ||
| 008 | 100915s1999 dr a 000 0 spa d | ||
| 040 |
_aDO-SdBNP _bspa _cBNPHU |
||
| 082 |
_axxx _bV635d |
||
| 100 | 1 |
_aVicioso, Sherezada, _d1948- _919504 |
|
| 245 | 1 | 0 |
_aLe decían Lolo : _bpresencia del Che en las mujeres guerrilleras / _cchiqui Vicioso. |
| 260 |
_aSanto Domingo : _bEditora de Colores, _c1999. |
||
| 300 |
_a323 p. : _bil. ; _c23 cm. |
||
| 500 | _aIncluye datos biográficos de la autora en las solapas. | ||
| 504 | _aBibliografías : p. 317-321 | ||
| 049 | _aBNPD | ||
| 999 |
_c21442 _d21442 |
||